| 000 | 01374nam a2200193 4500 | ||
|---|---|---|---|
| 008 | 170928b xxu||||| |||| 00| 0 eng d | ||
| 020 | _a0-397-54769-2 | ||
| 082 |
_21990 _aDC 610.73 _bAl2 |
||
| 100 |
_922768 _aAlfaro-LeFevre, Rosalinda |
||
| 245 |
_aApplying nursing diagnosis and nursing process : _ba step-by-step guide / _cRosalinda Alfaro. |
||
| 250 | _aSecond Edition | ||
| 260 |
_aPhiladelphia : _bLippincott, _c©1990. |
||
| 300 |
_axix, 229 pages : _billustrations ; _c24 cm. |
||
| 500 | _aIncludes bibliographies and index. | ||
| 520 | _a"This is a step-by-step approach to the nursing process. This edition features expanded coverage of collaborative practice, critical paths, case management and leadership and delegation skills, presented in an interactive style. Emphasis is placed on the importance of standard-based, research-based practice according to the American Nurse's Association Standards of Nursing Practice; and critical thinking is presented as an important part of the nursing process. A nursing diagnosis guide covers actual, possible and high risk, wellness, syndrome and collaborative diagnoses. There are examples, opportunities for practice, and critical thinking exercises for students." -- Amazon.com | ||
| 650 | 0 |
_922769 _aNursing -- Handbooks, manuals, etc |
|
| 650 | 0 |
_922770 _aDiagnosis -- Handbooks, manuals, etc |
|
| 942 |
_2ddc _cDC |
||
| 999 |
_c7506 _d7506 |
||